000 00371nam a2200121Ia 4500
008 171212s9999 xx 000 0 und d
020 _a9781783742936
245 _ceditor Walter, Ingo
_aThe Infrastructure Finance Challenge
260 _bOpen Book Publishers
_c2016
440 _aOpen Reports Series
650 _aBusiness
856 _uhttp://jstor.org/stable/j.ctt1sq5v21
999 _c351597
_d351597